000 01413nam a22004217a 4500
001 0024397
003 KOHA_MİRAKIL
005 20260207002438.0
007 ta
008 101112b2003 tu |||gr||||#||||0|tur |
020 _a9755914617
_c16,89
040 _aTR-BiSEU
_btur
_cTR-BiSEU
_erda
041 0 _atur
044 _ctu
050 _aNA590
_b.B35 2003
100 1 _aBakır, Betül.
245 1 _aMimaride Rönesans ve Barok Osmanlı Başkenti İstanbul'da Etkileri/
_cBetül Bakır ; Betül Bakır.
264 1 _aAnkara :
_bNobel
_c2003
300 _a191 sayfa; 21 cm.
336 _ametin
_btxt
_2rdacontent
337 _aaracısız
_bn
_2rdamedia
338 _acilt
_bnc
_2rdacarrier
490 1 _aNobel yayın ;
_v482.
490 1 _aGüncel Yayınlar dizi no;30
650 0 _aMimari, Barok.
_949822
650 0 _aArchitecture, Baroque.
_949823
650 0 _aMimari, Barok--Türkiye--İstanbul.
_949824
650 0 _aArchitecture, Baroque--Turkey--Istanbul.
_949825
650 0 _aKilise mimarisi.
_949826
650 0 _aChurch architecture.
_949827
650 0 _aKilise mimarisi--Türkiye--İstanbul.
_949828
650 0 _aChurch architecture--Turkey--Istanbul.
_949829
650 0 _aCamiler--Türkiye--İstanbul.
_949830
650 0 _aMosques--Turkey--Istanbul.
_920762
830 1 _aNobel yayın ;
_v482.
_91510
830 1 _aGüncel Yayınlar dizi no;30
_949831
942 _2lcc
_cBK
999 _c24349
_d24349